| 000 | 01310cam a2200349 i 4500 | ||
|---|---|---|---|
| 999 |
_c478386 _d478386 |
||
| 001 | 18769824 | ||
| 003 | NUST | ||
| 005 | 20180528034214.0 | ||
| 008 | 150903s2016 flu b 001 0 eng | ||
| 010 | _a 2015034514 | ||
| 020 | _a9781482257229 | ||
| 038 | _aSNS Library | ||
| 040 |
_aDLC _beng _cDLC _erda _dDLC |
||
| 042 | _apcc | ||
| 050 | 0 | 0 |
_aQA371 _b.S528 2016 |
| 082 | 0 | 0 |
_a515.35 _223 |
| 100 | 1 |
_aSmith, Carlos A., _d1943- _910526 |
|
| 245 | 1 | 2 |
_aA first course in differential equations, modeling, and simulation / _cCarlos A. Smith, University of South Florida, Tampa, USA, Scott W. Campbell, University of South florida, Tampa, USA. |
| 250 | _aSecond edition. | ||
| 264 | 1 |
_aBoca Raton : _bCRC Press/Taylor & Francis Group, _c2016. |
|
| 300 |
_axv, 529 pages ; _c26 cm |
||
| 336 |
_atext _2rdacontent |
||
| 337 |
_aunmediated _2rdamedia |
||
| 338 |
_avolume _2rdacarrier |
||
| 504 | _aIncludes bibliographical references and index. | ||
| 650 | 0 |
_aDifferential equations. _9688 |
|
| 650 | 0 |
_aExperimental design. _910527 |
|
| 700 | 1 |
_aCampbell, Scott W. _910528 |
|
| 906 |
_a7 _bcbc _corignew _d1 _eecip _f20 _gy-gencatlg |
||
| 942 |
_2ddc _cBK |
||